000 00966cam a2200241 4500
001 WB3702-15
008 000000n2001 000 0 eng u
035 _a(Sirsi) u110290
245 _aEarly review vital
260 _c2001
490 _aHousing Today
_v(215) 5 January 2001, 5(1)
520 _aWhile housing groups welcome measures in the Housing Bill to promote rent convergence in social housing and financially safeguard associations, they warn that early reviews of the new system are vital to ascertain the policy's success and monitor struggling RSLs. Government plans to cap RSL rent rises to RPI plus a half with a 10-year framework for rent convergence.
590 _aWB
650 _aRENT REFORM
650 _aSOCIAL HOUSING
650 _aCIH
650 _aALL ITEMS RETAIL PRICES INDEX
650 _aHOUSING GREEN PAPER
650 _aREGISTERED SOCIAL LANDLORDS
650 _aRSLS
690 _aAffordable housing
_96215
942 _n0
999 _c65769
_d65769